000 00503nam a2200205Ia 4500
008 170918s9999 xx 000 0 und d
020 _a9780545003094
050 _bM655 2008
100 _aMillner, Denene
245 _aIf only you knew :
245 _ba Hotlanta novel /
245 _cDenene Millner and Mitzi Miller.
260 _aNew York :
260 _bScholastic,
260 _c2008
300 _a254 pages :
300 _bcolored illustration ;
300 _c20cm.
500 _a970
999 _c342195
_d342195